|
|
|
|
| LEADER |
00000nab a2200000 a 4500 |
| 001 |
vtls010267945 |
| 003 |
SK-MaSNL |
| 005 |
20260304184141.0 |
| 008 |
250708 2006 xo 000 0 slo |
| 015 |
|
|
|a SNBRB2011/04
|2 lmaosk
|
| 035 |
|
|
|a (uuid)6fc86720-e95f-473f-ae0c-c816906ac5ea
|
| 035 |
|
|
|a urn:nbn:sk:snk-ababtt
|
| 035 |
|
|
|a (urnnbn)urn:nbn:sk:snk:ar-a0ak3a
|
| 040 |
|
|
|a SNKBUCL
|b slo
|c SNKBUCL
|e AACR2
|
| 041 |
0 |
|
|a slo
|b eng
|
| 044 |
|
|
|a xo
|c SK
|
| 080 |
|
|
|a 351
|2 2001
|
| 100 |
1 |
|
|a Škvrnda, František,
|d 1952-
|4 aut
|9 205452
|
| 245 |
1 |
0 |
|a Sekuritológia ako interdisciplinárny predmet
|c František Škvrnda
|
| 246 |
3 |
1 |
|a Securitology as a multispeciality theme
|
| 500 |
|
|
|a Biogr. údaje
|
| 504 |
|
|
|a Bibliogr. odkazy
|
| 546 |
|
|
|a Res. angl.
|
| 650 |
0 |
7 |
|a národná bezpečnosť
|2 lmaosk
|9 78003
|
| 650 |
0 |
7 |
|a bezpečnostný manažment
|2 lmaosk
|9 927
|
| 650 |
0 |
7 |
|a sociálne vedy
|2 lmaosk
|9 67399
|
| 650 |
0 |
7 |
|a globalizácia
|2 lmaosk
|9 3615
|
| 650 |
0 |
7 |
|a vyučovacie metódy
|2 lmaosk
|9 1521
|
| 650 |
0 |
7 |
|a National security
|2 SNKPHeng
|9 310488
|
| 650 |
0 |
7 |
|a security management
|2 SNKPHeng
|9 1515476
|
| 650 |
0 |
7 |
|a Social sciences
|2 SNKPHeng
|9 265112
|
| 650 |
0 |
7 |
|a Globalization
|2 SNKPHeng
|9 310513
|
| 650 |
0 |
7 |
|a Teaching methods
|2 SNKPHeng
|9 286676
|
| 650 |
0 |
7 |
|a securitológia
|2 lmaosk
|9 646353
|
| 773 |
0 |
|
|t Science & Military
|g Roč. 1, č. 2 (2006), s. 73-77
|x 1336-8885
|
| 850 |
|
|
|a Slovenská národná knižnica
|
| 852 |
|
|
|a Slovenská národná knižnica
|
| 954 |
|
|
|a odborná, vedecká literatúra pôvodná (slovenská)
|2 lita
|
| 958 |
|
|
|a article14
|
| 958 |
|
|
|a NB
|
| 958 |
|
|
|a SK
|
| 958 |
|
|
|a OND
|
| 958 |
|
|
|a EUIPO
|
| 999 |
|
|
|c 3036868
|d 3038798
|